000 01000cab a2200301 4500
001 ABS59796
008 090401t1998 xxu||||| |||| 00| 0 eng d
035 _a(Sirsi) u90269
041 _aeng
100 _aIsaac, D.
245 _aNatura 2000: a nature network for Europe
260 _c1998
350 _a0
490 _aLandscape Design
_v276 December 1998, 47-50(4)
520 _aDiscussion on the selection and designation process for the EU`s Natura 2000 sites, and the implications of such designations on member states. Reviews the progress within the UK and includes a table to compare it to other member states.
650 _aDESIGNATION
650 _aEUROPEAN UNION
650 _aHABITATS DIRECTIVE
650 _aIMPLICATIONS
650 _aNATURA 2000
650 _aNATURAL HABITATS
650 _aNATURE CONSERVATION
650 _aSPECIAL AREAS OF CONSERVATION
650 _aSPECIAL PROTECTION AREAS
690 _aCONSERVATION
942 _n0
948 _c11/12/1998
999 _c57210
_d57210